000 01365cam a2200349 a 4500
001 15294082
003 OSt
005 20240612094620.0
008 080508s2008 flu b 001 0 eng
010 _a 2008021213
020 _a9781584889564 (alk. paper)
020 _a158488956X (alk. paper)
035 _a(OCoLC)ocn166358507
035 _a(OCoLC)166358507
040 _aDLC
_cMUST
_dBTCTA
_dBAKER
_dYDXCP
_dC#P
_dBWX
_dCDX
_dDLC
082 0 0 _a510
_bBRY 2008
100 1 _aBrychkov, I︠U︡. A.
_q(I︠U︡riĭ Aleksandrovich)
_917070
245 1 0 _aHandbook of special functions :
_bderivatives, integrals, series and other formulas /
_cYury A. Brychkov.
246 3 0 _aSpecial functions
260 _aBoca Raton :
_bCRC Press,
_c2008.
300 _axix, 680 p. ;
_c27 cm.
500 _a"A Chapman & Hall book."
504 _aIncludes bibliographical references (p. 669-672) and index.
650 0 _aFunctions, Special.
_917071
650 0 _aFractional calculus.
_917072
650 0 _aIntegrals.
_917073
650 0 _aSeries.
_917074
856 4 1 _3Table of contents only
_uhttp://www.loc.gov/catdir/toc/ecip0818/2008021213.html
906 _a7
_bcbc
_corignew
_d1
_eecip
_f20
_gy-gencatlg
942 _2ddc
_cO_SHELF
999 _c8394
_d8394